Normal view
MARC view
Entry Personal Name
001 - CONTROL NUMBER
- control field: 555897
003 - CONTROL NUMBER IDENTIFIER
- control field: OSt
005 - DATE AND TIME OF LATEST TRANSACTION
- control field: 20220930094557.0
008 - FIXED-LENGTH DATA ELEMENTS
- fixed length control field: 220930|| aca||aabn | a|a d
040 ## - CATALOGING SOURCE
- Original cataloging agency: OSt
- Transcribing agency: OSt
100 ## - HEADING--PERSONAL NAME
- Personal name: Sreenivas K. Gu
670 ## - SOURCE DATA FOUND
- Source citation: Work cat.: (OSt)887340: Ansari Azaj Au. 555896, Polymorphic phase boundaries and light upconversion effects in Er3+ and Sn4+ modified BaTiO3 ceramics, 2021
